[Event "Golubitskaya op"]
[Site "Golubitskaya"]
[Date "2014.06.21"]
[Round "1"]
[White "Vorobiov, Alexander N"]
[Black "Shapar, Tatiana"]
[Result "1/2-1/2"]
[WhiteElo "2275"]
[BlackElo "1808"]
[PlyCount "124"]
[EventDate "2014.06.21"]
[EventType "swiss"]
[EventRounds "9"]
[EventCountry "RUS"]
[SourceTitle "EXT 2015"]
[Source "ChessBase"]
[SourceDate "2014.11.20"]
[SourceVersion "1"]
[SourceVersionDate "2014.11.20"]
[SourceQuality "1"]

1. d4 d5 2. Nf3 Nc6 3. c4 Bg4 4. e3 e5 5. cxd5 Qxd5 6. Nc3 Bb4 7. Be2 Nf6 8. 0-0 Bxc3 9. bxc3 0-0 10. c4 Qd6 11. d5 Ne7 12. Qb3 Ne4 13. Ba3 Nc5 14. Qc3 f6 15. h3 Bf5 16. Nd2 b6 17. Nb3 Ne4 18. Qc1 Qd7 19. Kh2 Rfe8 20. f3 Nd6 21. e4 Bg6 22. c5 Nf7 23. Rd1 f5 24. d6 Nc6 25. Bb5 a6 26. Bxc6 Qxc6 27. cxb6 Qxb6 28. exf5 Bxf5 29. Qxc7 Qxc7 30. dxc7 Rec8 31. Rac1 Ra7 32. Bd6 Nxd6 33. Rxd6 Rcxc7 34. Rxc7 Rxc7 35. Rxa6 e4 36. Nd4 Bg6 37. Ne6 Rc2 38. Ng5 Kf8 39. Nxe4 Re2 40. Ng3 Rb2 41. Ra8+ Ke7 42. a4 Ra2 43. h4 Bc2 44. a5 Ra4 45. h5 Bd3 46. Ne4 Bxe4 47. fxe4 Rxe4 48. a6 Ra4 49. a7 Kf7 50. h6 Kg6 51. hxg7 Kxg7 52. g4 Kh6 53. Kg3 Kg7 54. Kh4 Kh6 55. Kg3 Kg7 56. Kf3 Kh6 57. Ke3 Kg7 58. Kd3 Kh6 59. Kc3 Kg7 60. Kb3 Ra1 61. Kc4 Rc1+ 62. Kd5 Rd1+ 1/2-1/2

[Event "EU-ch U14 Girls"]
[Site "Prague"]
[Date "2012.08.21"]
[Round "5"]
[White "Shapar, Tatiana"]
[Black "Roklicer, Heike"]
[Result "1-0"]
[WhiteElo "1845"]
[BlackElo "1743"]
[PlyCount "101"]
[EventDate "2012.08.17"]
[EventType "swiss"]
[EventRounds "9"]
[EventCountry "CZE"]
[SourceTitle "CBM 150 Extra"]
[Source "ChessBase"]
[SourceDate "2012.10.19"]
[SourceVersion "1"]
[SourceVersionDate "2012.10.19"]
[SourceQuality "1"]

1. e4 c6 2. d4 d5 3. Nd2 dxe4 4. Nxe4 Bf5 5. Ng3 Bg6 6. N1e2 h6 7. Nf4 Bh7 8. Bc4 Nf6 9. c3 b5 10. Bb3 g5 11. Nd3 Nbd7 12. f4 Bxd3 13. Qxd3 g4 14. h3 gxh3 15. Rxh3 Qc7 16. Bd2 Nb6 17. 0-0-0 a5 18. a3 Nbd5 19. Ne4 Nxe4 20. Qxe4 0-0-0 21. Bxd5 Rxd5 22. f5 Qd7 23. g4 Bg7 24. Rdh1 c5 25. Bxh6 Bxh6+ 26. Rxh6 Rxh6 27. Rxh6 cxd4 28. cxd4 Qc7+ 29. Kb1 Qc4 30. Rh1 Kd7 31. Re1 Qxd4 32. Qxe7+ Kc6 33. Rc1+ Rc5 34. Qxc5+ Qxc5 35. Rxc5+ Kxc5 36. g5 Kd5 37. g6 fxg6 38. fxg6 Ke6 39. Kc2 Kf6 40. Kd3 Kxg6 41. Kd4 Kf5 42. Kc5 b4 43. axb4 axb4 44. Kxb4 Ke5 45. Kb5 Kd6 46. Kb6 Kd7 47. Kb7 Kd6 48. b4 Kd5 49. b5 Kc5 50. b6 Kb5 51. Kc7 1-0

[Event "EU-ch U14 Girls"]
[Site "Prague"]
[Date "2012.08.19"]
[Round "3"]
[White "Shapar, Tatiana"]
[Black "Gazikova, Veronika"]
[Result "0-1"]
[WhiteElo "1845"]
[BlackElo "2033"]
[PlyCount "92"]
[EventDate "2012.08.17"]
[EventType "swiss"]
[EventRounds "9"]
[EventCountry "CZE"]
[SourceTitle "CBM 150 Extra"]
[Source "ChessBase"]
[SourceDate "2012.10.19"]
[SourceVersion "1"]
[SourceVersionDate "2012.10.19"]
[SourceQuality "1"]

1. e4 d5 2. exd5 Qxd5 3. Nc3 Qd6 4. d4 Nf6 5. Bd3 a6 6. Nge2 b5 7. Ne4 Qc6 8. N2g3 Nbd7 9. 0-0 Bb7 10. f3 Nd5 11. c3 e6 12. Qe2 Qb6 13. Kh1 Be7 14. Nh5 f5 15. Ng5 0-0 16. Re1 Bxg5 17. Bxg5 Rac8 18. Qf2 Rfe8 19. Qg3 g6 20. Re2 Kf7 21. Bh6 Rg8 22. Nf4 Nxf4 23. Bxf4 Rge8 24. Rae1 Qa5 25. Qh4 h5 26. c4 Qb6 27. Be5 Nxe5 28. dxe5 Kg7 29. cxb5 axb5 30. Qb4 Bc6 31. Rc2 Rcd8 32. Bf1 Rd5 33. Rec1 Bd7 34. Rxc7 Kh6 35. a4 Qe3 36. f4 bxa4 37. R7c3 Qd2 38. h3 Rd4 39. Qb7 Rxf4 40. R3c2 Qd4 41. Rc7 Rd8 42. Bb5 Qd2 43. R1c2 Qe1+ 44. Kh2 Qxe5 45. g3 Rb4 46. R2c5 Rxb2+ 0-1

[Event "Golubitskaya op"]
[Site "Golubitskaya"]
[Date "2012.07.02"]
[Round "6"]
[White "Shapar, Tatiana"]
[Black "Lev, Nikolay"]
[Result "1-0"]
[WhiteElo "1861"]
[BlackElo "1746"]
[PlyCount "94"]
[EventDate "2012.06.26"]
[EventType "swiss"]
[EventRounds "9"]
[EventCountry "RUS"]
[SourceTitle "EXT 2014"]
[Source "ChessBase"]
[SourceDate "2013.11.20"]
[SourceVersion "1"]
[SourceVersionDate "2013.11.20"]
[SourceQuality "1"]

1. e4 c5 2. Nf3 Nc6 3. c3 Nf6 4. e5 Nd5 5. d4 cxd4 6. Bc4 e6 7. Bxd5 exd5 8. cxd4 d6 9. 0-0 dxe5 10. dxe5 Be7 11. Nc3 Be6 12. Nb5 0-0 13. Nbd4 Bg4 14. Qb3 Qd7 15. h3 Bh5 16. Re1 Bb4 17. Rd1 Bc5 18. Be3 Bb6 19. Rac1 Rac8 20. g4 Bxd4 21. Nxd4 Nxd4 22. Rxd4 Rxc1+ 23. Bxc1 Rc8 24. Be3 Bg6 25. Qxd5 Qc7 26. Qd7 h5 27. Qxc7 Rxc7 28. Rd8+ Kh7 29. Bxa7 hxg4 30. hxg4 Be4 31. Rd4 Rc1+ 32. Kh2 Bc6 33. Rd2 g5 34. f3 Bxf3 35. Kg3 Bc6 36. Be3 Re1 37. Kf2 Rh1 38. Bxg5 Rh2+ 39. Ke3 Rxd2 40. Kxd2 Bf3 41. Ke3 Bxg4 42. Kd4 Kg6 43. Bf6 Kf5 44. Kc5 Ke6 45. Kb6 Bf3 46. Kc7 Bd5 47. a4 Bc6 1-0